00622nam a2200217 a 4500003000900000005001700009008004100026040001300067100002200080245002900102260002700131300001900158490002600177500006200203650002400265650002400289650002400313650002500337653002700362655001500389AR-BaBNM20251128202818.0082120s2002 ||||||||||||||000 | spa|| cAR-BaBNM1 aBrunhoff, Jean de00aLes vacances de Zéphir a[S.l.]bHachettec1936 ap. irreg.bil. 0aA.B.C. de Babarvv. 4 aLas ilustraciones de la presente obra pertenecen al autor 4aLITERATURA INFANTIL 4aLIBROS PARA NIÑOS 4aCUENTOS DE ANIMALES 4aCUENTOS DE AVENTURAS aLITERATURA MARAVILLOSA aLITERATURA